000 00343nam a22001337a 4500
020 _qPB.
040 _cFIZZA ISHAQ
082 _a500.9
_bJOH
100 _aTEAL,MILDRED.
_9133432
245 _aLIFE AND DEATH OF THE SALT MARSH /
_cMILDRED TEAL.
260 _aNEW YORK ;
_bBALLANTINE,
_c1969.
300 _a274 P. ;
_c6.9X4.1IN
942 _2ddc
_cBK
999 _c616383
_d616383